[Event "GER-ch Net blitz qual3"]
[Site "Playchess.com INT"]
[Date "2020.03.21"]
[Round "9"]
[White "Heerd, Thomas"]
[Black "Roefe, Detlef"]
[Result "1-0"]
[WhiteElo "2051"]
[BlackElo "1878"]
[PlyCount "107"]
[EventDate "2020.03.21"]
[EventType "swiss (blitz)"]
[EventRounds "9"]
[EventCountry "GER"]
[SourceTitle "CBM 195 Extra"]
[Source "ChessBase"]
[SourceDate "2020.05.31"]
[SourceVersion "1"]
[SourceVersionDate "2020.05.31"]
[SourceQuality "1"]

1. d4 Nf6 2. Bg5 e6 3. Nd2 Be7 4. e3 d5 5. Bd3 Nbd7 6. f4 h6 7. Bh4 0-0 8. Ngf3 Re8 9. 0-0 c5 10. c3 Nf8 11. Ne5 N6d7 12. Bxe7 Qxe7 13. Rf3 f6 14. Nxd7 Bxd7 15. Rg3 e5 16. Qh5 Kh8 17. fxe5 fxe5 18. Rf1 Qe6 19. Rf7 Re7 20. Rgxg7 Rxf7 21. Rxf7 e4 22. Be2 Kg8 23. Rf4 Qg6 24. Qxd5+ Qe6 25. Qxc5 Rc8 26. Bc4 Rxc5 27. Bxe6+ Nxe6 28. dxc5 Nxf4 29. exf4 Bc6 30. Kf2 Kf7 31. Ke3 Ke6 32. Nxe4 Kd5 33. b3 a5 34. c4+ Ke6 35. Kd4 Kf5 36. Nc3 Kxf4 37. Nd5+ Kg4 38. a3 h5 39. b4 axb4 40. axb4 Kg5 41. b5 Be8 42. c6 bxc6 43. b6 cxd5 44. b7 dxc4 45. b8Q Bf7 46. Ke5 Kg6 47. Qd6+ Kg7 48. Qf6+ Kf8 49. Qg5 Ke8 50. Kf6 Kf8 51. Qg7+ Ke8 52. Qxf7+ Kd8 53. Ke6 Kc8 54. Kd6 1-0

[Event "GER-ch Net blitz qual2"]
[Site "Playchess.com INT"]
[Date "2020.03.16"]
[Round "8"]
[White "Kemper, Jannick"]
[Black "Roefe, Detlef"]
[Result "1-0"]
[WhiteElo "1531"]
[BlackElo "1878"]
[PlyCount "113"]
[EventDate "2020.03.16"]
[EventType "swiss (blitz)"]
[EventRounds "9"]
[EventCountry "GER"]
[SourceTitle "CBM 195 Extra"]
[Source "ChessBase"]
[SourceDate "2020.05.31"]
[SourceVersion "1"]
[SourceVersionDate "2020.05.31"]
[SourceQuality "1"]

1. e4 c5 2. Nf3 Nc6 3. d4 cxd4 4. Nxd4 e5 5. Nb5 d6 6. N1c3 a6 7. Na3 b5 8. Nd5 Nf6 9. Bg5 Be7 10. Bxf6 Bxf6 11. c3 Bg5 12. Nc2 Rb8 13. Ncb4 Nxb4 14. cxb4 0-0 15. Be2 Bb7 16. 0-0 Bxd5 17. Qxd5 Qc7 18. Bd3 Rbc8 19. a4 bxa4 20. Rxa4 Qc6 21. Qxc6 Rxc6 22. Rxa6 Rfc8 23. b5 Rxa6 24. bxa6 Ra8 25. b4 Bd8 26. b5 Bb6 27. Rc1 Bc5 28. Kf1 Kf8 29. Ke2 Ke7 30. Rb1 Bb6 31. Bc4 Ra7 32. Bd5 Rc7 33. Bc6 g6 34. f3 f5 35. exf5 gxf5 36. Bb7 Rc2+ 37. Kd3 Rxg2 38. Ra1 Ba7 39. b6 Bxb6 40. a7 Bxa7 41. Rxa7 Rxh2 42. Bd5+ Kf6 43. Rf7+ Kg6 44. Rd7 Kg5 45. Rxd6 Kf4 46. Rf6 Kg5 47. Rf7 Rh3 48. Ke3 e4 49. Rg7+ Kf6 50. Rf7+ Ke5 51. Bb7 Rxf3+ 52. Ke2 Rb3 53. Rxh7 Kf4 54. Bc8 Rb2+ 55. Ke1 Ke3 56. Rh3+ Kf4 57. Rh4+ 1-0

[Event "GER-ch Net blitz qual2"]
[Site "Playchess.com INT"]
[Date "2020.03.16"]
[Round "6"]
[White "Trifan, Andrei Ioan"]
[Black "Roefe, Detlef"]
[Result "1-0"]
[WhiteElo "2249"]
[BlackElo "1878"]
[PlyCount "77"]
[EventDate "2020.03.16"]
[EventType "swiss (blitz)"]
[EventRounds "9"]
[EventCountry "GER"]
[SourceTitle "CBM 195 Extra"]
[Source "ChessBase"]
[SourceDate "2020.05.31"]
[SourceVersion "1"]
[SourceVersionDate "2020.05.31"]
[SourceQuality "1"]

1. e4 c5 2. Nf3 Nc6 3. d4 cxd4 4. Nxd4 e5 5. Nb5 d6 6. N1c3 a6 7. Na3 b5 8. Nd5 Nf6 9. Bg5 Be7 10. Bxf6 Bxf6 11. c4 b4 12. Nc2 Rb8 13. Be2 Bg5 14. 0-0 0-0 15. Qd3 f5 16. f3 Kh8 17. Kh1 Be6 18. b3 a5 19. Rad1 Ne7 20. Nde3 fxe4 21. fxe4 Rxf1+ 22. Bxf1 Qb6 23. Qxd6 Qxd6 24. Rxd6 Bg8 25. g3 Rf8 26. Kg2 Ng6 27. Ra6 Rd8 28. Nd5 Bxd5 29. exd5 Bd2 30. Rxa5 Bc3 31. c5 e4 32. d6 Ne5 33. Ne3 g6 34. Nc4 Nc6 35. Ra6 Nd4 36. c6 Nxc6 37. Rxc6 Kg7 38. Rc7+ Kh6 39. Re7 1-0